| 000 | 00771nam a22002655i 4500 | ||
|---|---|---|---|
| 001 | 16623 | ||
| 003 | ES-MaACL | ||
| 005 | 20251019063036.0 | ||
| 007 | t| | ||
| 008 | 001020s1996 sp ||||0| spa j | ||
| 020 | _a84-88730-64-0 | ||
| 040 |
_aM-BN _bspa _cM-BN |
||
| 080 | _a820-31"17" | ||
| 100 | 1 |
_aAusten, Jane, _d1775-1817 _9242382 |
|
| 245 | 1 | 0 |
_aMansfield Park / _cJane Austen ; traducción, Francisco Torres. |
| 250 | _a5ª ed. | ||
| 260 |
_aBarcelona : _bAlba Editorial, _c1996. |
||
| 300 |
_a520 p. ; _c21 cm. |
||
| 490 | 1 |
_aAlba clásica ; _v1 |
|
| 700 | 1 |
_aTorres Oliver, Francisco, _d1935- _9110996 |
|
| 830 | 0 |
_aAlba clásica ; _v1 _9179792 |
|
| 852 |
_aES-MaACL _jL-23820 _bR.129178 |
||
| 999 |
_c16623 _d16623 |
||